000 00443nam a22001457a 4500
005 20251121145127.0
008 251121b |||||||| |||| 00| 0 eng d
020 _a9780787976378
050 _aHD66
_b.L457 LEN
100 _aLENCIONI PATRICK
245 _aOVERCOMING THE FIVE DYSFUNCTIONS OF A TEAM; A FIELD GUIDE FOR LEADERS,MANAGERS AND FACILITATOR
260 _aSAN FRANCISCO
_bJOSSEY- BASS
_c2005
300 _axiv,155p
942 _2lcc
_cBK
_n0
999 _c8308
_d8308